| 000 | 01271cam a2200289 i 4500 | ||
|---|---|---|---|
| 001 | 000012606 | ||
| 005 | 20200929163039.0 | ||
| 008 | 800425s1946 sp af b f001 0 spa | ||
| 010 | _a80468379 | ||
| 040 |
_aDO-SdBNP _cDLC _dDLC |
||
| 043 |
_ae-sp--- _as-ve--- |
||
| 050 | 0 | 0 |
_aF2331.O7 _bR35 1946 |
| 100 | 2 |
_aRamos Perez, Demetrio. _94779 |
|
| 245 | 1 | 3 |
_aEl Tratado de limites de 1750 y la expedicion de Iturriaga al Orinoco / _cDemetrio Ramos Perez ; prologo del Dr. Amando Melon y Ruiz de Gordejuela. |
| 260 |
_aMadrid : _bConsejo Superior de Investigaciones Cientificas, Instituto Juan Sebastian Elcano, _c1946. |
||
| 300 |
_aiv, 537 p., [5] leaves of plates : _bill. ; _c25 cm. |
||
| 500 | _aOriginally presented as the author's thesis, Madrid, 1944. | ||
| 504 | _aBibliography: p. [513]-525. | ||
| 500 | _aIncludes indexes. | ||
| 651 | 0 |
_aOrinoco River (Venezuela And Colombia{Rpara} _xDiscovery And Exploration. _929303 |
|
| 651 | 0 |
_aOrinoco River Valley (Venezuela And Colombia{Rpara} _xDiscovery And Exploration. _929304 |
|
| 600 | 1 | 0 |
_aIturriaga, Jose de. _929305 |
| 610 | 1 | 0 |
_aPortugal. _tTreaties, etc. _gSpain, _d1750 Jan. 13. _929306 |
| 710 | 2 |
_aInstituto Juan Sebastian Elcano. _929307 |
|
| 910 | _aCatalogación por copia / LC | ||
| 082 | 0 | 0 | _a918.7/043 |
| 999 |
_c12261 _d12261 |
||